Statystyki dla Rozpoznaj klub po stadionie Ekstraklasa 23/24

Kliknij tutaj aby rozwiązać quiz!

Ogólne statystyki

  • Ten quiz został rozwiązany 395 razy
  • Średni wynik to 13 z 17

Statystyki odpowiedzi

Odpowiedź% Poprawnych
Raków Częstochowa
97%
Górnik Zabrze
93%
Legia Warszawa
93%
Lech Poznań
86%
Piast Gliwice/Ruch Chorzów
85%
Śląsk Wrocław
83%
Zagłębie Lubin
81%
ŁKS Łódź
79%
Warta Poznań
79%
Pogoń Szczecin
77%
Jagiellonia Białystok
75%
Widzew Łódź
73%
Cracovia
71%
Korona Kielce
67%
Stal Mielec
60%
Radomiak Radom
56%
Puszcza Niepołomice
54%

Rozkład punktacji

Percentyl według liczby udzielonych odpowiedzi

Procent ludzi z każdym wynikiem

Twoja historia wyników

Nie rozwiązałeś tego quizu